Cơ điện tử': Hệ thống -trong chế tạo máy /

Chương 1: Tổng quan.

Đã lưu trong:
Chi tiết về thư mục
Tác giả chính: Trương Hữu Chí
Tác giả khác: Võ Thị Ry
Định dạng: Sách
Ngôn ngữ:Vietnamese
Được phát hành: H. : Khoa học và kỹ thuật , 2005
Phiên bản:In lần thứ 1
Những chủ đề:
Các nhãn: Thêm thẻ
Không có thẻ, Là người đầu tiên thẻ bản ghi này!
Thư viện lưu trữ: Thư viện Trường CĐ Kỹ Thuật Cao Thắng
LEADER 02758nam a2200373 a 4500
001 TVCDKTCT4302
003 Thư viện trường Cao đẳng Kỹ thuật Cao Thắng
005 20170529133321.3
008 051213
980 \ \ |a Thư viện Trường CĐ Kỹ Thuật Cao Thắng 
024 |a RG_1 #1 eb0 i1 i5 
041 0 # |a vie 
082 # # |a 537.3 /   |b TR561CH-c 
100 1 # |a Trương Hữu Chí 
245 0 0 |a Cơ điện tử': Hệ thống -trong chế tạo máy /   |c Trương Hữu Chí, Võ Thị Ry 
250 # # |a In lần thứ 1 
260 # # |a H. :   |b Khoa học và kỹ thuật ,   |c 2005 
300 # # |a 188tr. ;   |c 24cm 
520 # # |a Chương 1: Tổng quan. 
520 # # |a Chương 2: Mô hình hệ thống cơ điện tử trong chế tạo máy. 
520 # # |a Chương 3: Đáp ứng động học của các hệ thống. 
520 # # |a Chương 4: Đáp ứng tần số. 
520 # # |a Chương 5: Phân tích trạng thái và đặc tính của hệ thống. 
520 # # |a Chương 6: Phân tích hệ thống-máy công cụ CNC. 
520 # # |a Công nghệ kỹ thuật thông tin trong đó ngành cơ điện tử có vị trí quan trọng cùng với công nghệ sinh học, công nghệ vật liệu mới, công nghệ năng lượng mới, công nghệ môi trường và công nghệ hàng không vũ trụ là 06 cuộc cách mạng về công nghệ cao trong thế kỷ 21. 
520 # # |a Cùng với việc tái bản quyển " Cơ điện tử - các thành phần cơ bản " cuốn " Cơ điện tử - hệ thống trong chế tạo máy " được bắt đầu từ các lý thuyết hệ thống (mô hình toán học, mô hình hệ thống, đáp ứng được hệ thống động học, các hàm truyền hệ thống, mô hình không gian trạng thái) và được kết thúc bởi việc phân tích hệ thống máy công cụ CNC sẽ giúp bạn đọc có được kiến thức về hệ thống đối với các sản phẩm cơ điện tử. 
650 # 4 |a Cơ điện 
650 # 4 |a Điện tử 
650 # 4 |a Động học của tần số--Tần số--Hệ thống-máy công cụ CNC 
700 0 # |a Võ Thị Ry 
721 # # |a CNKT Cơ điện tử 
721 # # |a CNKT Điện tử 
841 # # |b Kho Sách   |j 100012003, 100014173, 100014210, 100014216, 100015512, 100015513, 100015514 
841 # # |b Kho Tra Cứu   |j 500000442, 500000443, 500001142, 500001143